Minority groups in the Republic of Vietnam
Book is basic fact about the social, economic, and political institutions and practicles of minority groups in The Republic of Vietnam
Na minha lista:
| Formato: | Livro |
|---|---|
| Idioma: | Undetermined |
| Publicado em: |
Washington
American University
1966
|
| Assuntos: | |
| Tags: |
Adicionar Tag
Sem tags, seja o primeiro a adicionar uma tag!
|
| Thư viện lưu trữ: | Trung tâm Học liệu Trường Đại học Cần Thơ |
|---|
| LEADER | 00751nam a2200193Ia 4500 | ||
|---|---|---|---|
| 001 | CTU_221128 | ||
| 008 | 210402s9999 xx 000 0 und d | ||
| 082 | |a 305.8009597 | ||
| 082 | |b M666/Vol.1 | ||
| 245 | 0 | |a Minority groups in the Republic of Vietnam | |
| 245 | 0 | |c Joann L. Schrock ... [et al.] | |
| 260 | |a Washington | ||
| 260 | |b American University | ||
| 260 | |c 1966 | ||
| 520 | |a Book is basic fact about the social, economic, and political institutions and practicles of minority groups in The Republic of Vietnam | ||
| 650 | |a Dân tộc thiểu số,Ethnology,Dân tộc học,Minorities | ||
| 650 | |z Việt Nam,Vietnam,Việt Nam,Vietnam | ||
| 904 | |i Nguyên | ||
| 980 | |a Trung tâm Học liệu Trường Đại học Cần Thơ | ||